000 01325nam0a2200313 4500
001 RU\NLR\bibl\1068359
005 20250615042605.0
010 _a5-88820-327-0
_91000
021 _aRU
_b2007-11369
_9606
035 _a(NLR Aleph) 001055605
090 _a906174
_c906174
100 _a20070404d2006 |||y0rusy50 ca
101 0 _arus
102 _aRU
105 _aa |||||||||
200 1 _aФормирование конкурентноспособности диверсифицированной компании
_eмонография
_fМ.А. Шушкин
_gФедер. агентство по образованию, Гос. образоват. учреждение высш. проф. образования "Волж. гос. инж.-пед. ун-т"
210 _aНижний Новгород
_cИзд-во ВГИПУ
_d2006
215 _a118 с.
_cил.
_d21
320 _aБиблиогр.: с. 112-117 (70 назв.)
606 1 _aФирмы
_xКонкурентоспособность
_92272387
_3RU\NLR\auth\661361924
686 _aУ9(2)-13(2Р)
686 _aУ29(2)
700 1 _aШушкин
_bМ. А.
_gМихаил Александрович
_4070
801 0 _aRU
_bNLR
_c20070404
_gRCR
801 1 _aRU
_bNLR
_c20070404
830 _aавт. по ЭК
942 _cBOOK
980 _aNB